Vida de perros

Salvato in:
Dettagli Bibliografici
Autore principale: Isol (autora)
Natura: Libro
Lingua:spagnolo
Pubblicazione: Ciudad de México Fondo de Cultura Económica 1997
Edizione:1a. ed
Serie:A la Orilla del Viento
Soggetti:
Tags: Aggiungi Tag
Nessun Tag, puoi essere il primo ad aggiungerne!!

MARC

LEADER 00000cam a2200000 a 4500
001 UCG4933
003 CL-VaPUC
005 20250311101107.0
008 101216e19970000MX |||||||||||||||||spa|d
999 |c 343533  |d 343531 
020 |a 9789681654238 
040 |c Pontificia Universidad Católica de Valparaíso 
082 0 4 |a 808.0683  |b ISO  |2 21 
100 |a Isol  |e autora   |9 591307 
245 1 0 |a Vida de perros 
250 |a 1a. ed 
260 |a Ciudad de México  |b Fondo de Cultura Económica  |c 1997 
300 |a 26 p 
490 0 |a A la Orilla del Viento 
583 |a last modification  |c 20170313 08:57:01  |k Rodrigo Vera 
650 0 |a Literatura infantil   |9 307465  |x Cuentos 
942 |c BK  |2 ddc 
945 |d 20101216 00:00:00  |a cmena 
952 |0 0  |1 0  |4 0  |6 808_068300000000000_ISO_1997  |7 0  |8 A  |9 440873  |a BIBEDU  |b BIBEDU  |d 2019-11-22  |i 4743385  |l 2  |o 808.0683 ISO 1997  |p 4743385  |r 2022-08-17  |s 2022-08-16  |w 2019-11-22  |y BK  |k EPE 
952 |0 0  |1 0  |3 erd  |4 0  |6 808_068300000000000_ISO_1997  |7 0  |8 A  |9 440874  |a BIBEDU  |b BIBEDU  |i 5365619  |l 3  |o 808.0683 ISO 1997  |p 5365619  |r 2025-04-22  |s 2025-04-16  |w 2019-11-22  |y BK  |z Catalogado en:20170317  |k EBA 
952 |0 0  |1 0  |3 erd  |4 0  |6 808_068300000000000_ISO_1997  |7 0  |8 A  |9 440875  |a BIBEDU  |b BIBEDU  |i 5365627  |l 5  |o 808.0683 ISO 1997  |p 5365627  |r 2024-11-27  |s 2024-11-08  |w 2019-11-22  |y BK  |z Catalogado en:20170317  |k EBA